<?xml version="1.0" encoding="UTF-8"?>
<record
    xmlns:xsi="http://www.w3.org/2001/XMLSchema-instance"
    xsi:schemaLocation="http://www.loc.gov/MARC21/slim http://www.loc.gov/standards/marcxml/schema/MARC21slim.xsd"
    xmlns="http://www.loc.gov/MARC21/slim">

  <leader>00920nam a2200229Ia 4500</leader>
  <controlfield tag="003">Ost</controlfield>
  <controlfield tag="005">20260507075116.0</controlfield>
  <controlfield tag="008">260507s9999||||xx |||||||||||||| ||und||</controlfield>
  <datafield tag="020" ind1=" " ind2=" ">
    <subfield code="a">3126337977</subfield>
  </datafield>
  <datafield tag="040" ind1=" " ind2=" ">
    <subfield code="c">fsecg</subfield>
  </datafield>
  <datafield tag="041" ind1=" " ind2=" ">
    <subfield code="a">ara</subfield>
  </datafield>
  <datafield tag="082" ind1=" " ind2=" ">
    <subfield code="a">658.4056</subfield>
  </datafield>
  <datafield tag="100" ind1=" " ind2=" ">
    <subfield code="a">&#x627;&#x635;&#x644;&#x627;&#x62D;&#x60C; &#x639;&#x644;&#x627; &#x623;&#x62D;&#x645;&#x62F;</subfield>
    <subfield code="e">&#x645;&#x624;&#x644;&#x641;</subfield>
  </datafield>
  <datafield tag="245" ind1=" " ind2="0">
    <subfield code="a">&#x625;&#x62F;&#x627;&#x631;&#x629; &#x627;&#x644;&#x623;&#x632;&#x645;&#x627;&#x62A; /</subfield>
    <subfield code="c"> &#x639;&#x644;&#x627; &#x623;&#x62D;&#x645;&#x62F; &#x627;&#x635;&#x644;&#x627;&#x62D;</subfield>
  </datafield>
  <datafield tag="250" ind1=" " ind2=" ">
    <subfield code="a">&#x637;&#x628;&#x639;&#x629; 2</subfield>
  </datafield>
  <datafield tag="260" ind1=" " ind2=" ">
    <subfield code="a">&#x627;&#x644;&#x642;&#x627;&#x647;&#x631;&#x629;: </subfield>
    <subfield code="b">&#x645;&#x631;&#x643;&#x632; &#x627;&#x644;&#x62E;&#x628;&#x631;&#x627;&#x62A; &#x627;&#x644;&#x645;&#x647;&#x646;&#x64A;&#x629; &#x644;&#x644;&#x625;&#x62F;&#x627;&#x631;&#x629; &#x628;&#x645;&#x64A;&#x643;, </subfield>
    <subfield code="c">2004</subfield>
  </datafield>
  <datafield tag="300" ind1=" " ind2=" ">
    <subfield code="a">379  &#x635;&#x641;&#x62D;&#x629;&#x61B; </subfield>
    <subfield code="b">&#x625;&#x64A;&#x636;&#x627;&#x62D;&#x627;&#x62A; &#x61B;</subfield>
    <subfield code="c">24 &#x633;&#x645;</subfield>
  </datafield>
  <datafield tag="490" ind1=" " ind2=" ">
    <subfield code="a">&#x633;&#x644;&#x633;&#x644;&#x629; &#x625;&#x635;&#x62F;&#x627;&#x631;&#x627;&#x62A; &#x628;&#x645;&#x64A;&#x643;</subfield>
    <subfield code="v">37</subfield>
  </datafield>
  <datafield tag="520" ind1=" " ind2=" ">
    <subfield code="a">&#x623;&#x633;&#x627;&#x633;&#x64A;&#x627;&#x62A; &#x625;&#x62F;&#x627;&#x631;&#x629; &#x627;&#x644;&#x623;&#x632;&#x645;&#x627;&#x62A;- &#x62A;&#x634;&#x62E;&#x64A;&#x635; &#x623;&#x632;&#x645;&#x629;- &#x623;&#x646;&#x648;&#x627;&#x639; &#x627;&#x644;&#x623;&#x632;&#x645;&#x627;&#x62A; &#x63A;&#x645;&#x648;&#x636;&#x647;&#x627; &#x648;&#x645;&#x632;&#x627;&#x64A;&#x627;&#x647;&#x627;- &#x62F;&#x631;&#x627;&#x633;&#x627;&#x62A; &#x62D;&#x627;&#x644;&#x629; &#x627;&#x644;&#x623;&#x634;&#x643;&#x627;&#x644; &#x627;&#x644;&#x62A;&#x633;&#x639;&#x629; &#x644;&#x644;&#x623;&#x632;&#x645;&#x627;&#x62A;- &#x625;&#x62A;&#x635;&#x627;&#x644;&#x627;&#x62A; &#x627;&#x644;&#x623;&#x632;&#x645;&#x629;</subfield>
  </datafield>
  <datafield tag="653" ind1=" " ind2=" ">
    <subfield code="a">&#x625;&#x62F;&#x627;&#x631;&#x629; &#x627;&#x644;&#x623;&#x632;&#x645;&#x627;&#x62A;</subfield>
  </datafield>
  <datafield tag="942" ind1=" " ind2=" ">
    <subfield code="c">&#x643;&#x62A;&#x627;&#x628;</subfield>
  </datafield>
  <datafield tag="952" ind1=" " ind2=" ">
    <subfield code="0">0</subfield>
    <subfield code="1">0</subfield>
    <subfield code="2">ddc</subfield>
    <subfield code="4">0</subfield>
    <subfield code="7">-1</subfield>
    <subfield code="a">fsecg</subfield>
    <subfield code="b">fsecg</subfield>
    <subfield code="d">2026-05-07</subfield>
    <subfield code="h">&#x627;&#x644;&#x637;&#x627;&#x628;&#x642; &#x627;&#x644;&#x623;&#x631;&#x636;&#x64A;</subfield>
    <subfield code="i">1931/1</subfield>
    <subfield code="l">0</subfield>
    <subfield code="o">&#x623;/1931&#x646;1</subfield>
    <subfield code="p">1931/1</subfield>
    <subfield code="r">2026-05-07 07:51:16</subfield>
    <subfield code="w">2026-05-07</subfield>
    <subfield code="y">&#x643;&#x62A;&#x627;&#x628;</subfield>
  </datafield>
  <datafield tag="952" ind1=" " ind2=" ">
    <subfield code="0">0</subfield>
    <subfield code="1">0</subfield>
    <subfield code="2">ddc</subfield>
    <subfield code="4">0</subfield>
    <subfield code="7">0</subfield>
    <subfield code="a">fsecg</subfield>
    <subfield code="b">fsecg</subfield>
    <subfield code="d">2026-05-07</subfield>
    <subfield code="h">&#x627;&#x644;&#x637;&#x627;&#x628;&#x642; &#x627;&#x644;&#x623;&#x631;&#x636;&#x64A;</subfield>
    <subfield code="i">1931/2</subfield>
    <subfield code="l">0</subfield>
    <subfield code="o">&#x623;/1931&#x646;2</subfield>
    <subfield code="p">1931/2</subfield>
    <subfield code="r">2026-05-07 07:51:16</subfield>
    <subfield code="w">2026-05-07</subfield>
    <subfield code="y">&#x643;&#x62A;&#x627;&#x628;</subfield>
  </datafield>
  <datafield tag="952" ind1=" " ind2=" ">
    <subfield code="0">0</subfield>
    <subfield code="1">0</subfield>
    <subfield code="2">ddc</subfield>
    <subfield code="4">0</subfield>
    <subfield code="7">0</subfield>
    <subfield code="a">fsecg</subfield>
    <subfield code="b">fsecg</subfield>
    <subfield code="d">2026-05-07</subfield>
    <subfield code="h">&#x627;&#x644;&#x637;&#x627;&#x628;&#x642; &#x627;&#x644;&#x62B;&#x627;&#x646;&#x64A;</subfield>
    <subfield code="i">1931/3</subfield>
    <subfield code="l">0</subfield>
    <subfield code="o">&#x623;/1931&#x646;3</subfield>
    <subfield code="p">1931/3</subfield>
    <subfield code="r">2026-05-07 07:51:16</subfield>
    <subfield code="w">2026-05-07</subfield>
    <subfield code="y">&#x643;&#x62A;&#x627;&#x628;</subfield>
  </datafield>
  <datafield tag="952" ind1=" " ind2=" ">
    <subfield code="0">0</subfield>
    <subfield code="1">0</subfield>
    <subfield code="2">ddc</subfield>
    <subfield code="4">0</subfield>
    <subfield code="7">0</subfield>
    <subfield code="a">fsecg</subfield>
    <subfield code="b">fsecg</subfield>
    <subfield code="d">2026-05-07</subfield>
    <subfield code="h">&#x627;&#x644;&#x637;&#x627;&#x628;&#x642; &#x627;&#x644;&#x62B;&#x627;&#x646;&#x64A;</subfield>
    <subfield code="i">1931/4</subfield>
    <subfield code="l">0</subfield>
    <subfield code="o">&#x623;/1931&#x646;4</subfield>
    <subfield code="p">1931/4</subfield>
    <subfield code="r">2026-05-07 07:51:16</subfield>
    <subfield code="w">2026-05-07</subfield>
    <subfield code="y">&#x643;&#x62A;&#x627;&#x628;</subfield>
  </datafield>
  <datafield tag="999" ind1=" " ind2=" ">
    <subfield code="c">43017</subfield>
    <subfield code="d">43017</subfield>
  </datafield>
</record>
